Top 10 European Countries with lowest Annual Precipitation - Statistics

General Stats
  • This quiz has been taken 14 times
  • The average score is 8 of 10
Answer Stats
mm Country % Correct
560 Malta
93%
618 Belarus
79%
608 Bulgaria
79%
589 Hungary
79%
450 Moldova
79%
619 North Macedonia
79%
600 Poland
79%
460 Russia
79%
536 Finland
71%
565 Ukraine
71%
No matching quizzes found
Score Distribution
Percent of People with Each Score
Percentile by Number Answered
Your Score History
You have not taken this quiz